Lo que estamos aprendiendo en la crisis financiera del 2008 /
Guardado en:
| Hovedforfatter: | |
|---|---|
| Format: | Texto |
| Tags: |
Tilføj Tag
Ingen Tags, Vær først til at tagge denne postø!
|
MARC
| LEADER | 00000 a a2200000 04500 | ||
|---|---|---|---|
| 001 | 44012 | ||
| 003 | |||
| 040 | |||
| 100 | |a Ugarteche, Oscar | ||
| 245 | |a Lo que estamos aprendiendo en la crisis financiera del 2008 / |c Oscar Ugarteche | ||
| 773 | |g número51 (enero-marzo, 2009), páginas 15-17 | ||
| 999 | |c 35870 |d 35870 | ||
